000 00377nam a2200145Ia 4500
008 230917s9999||||xx |||||||||||||| ||und||
040 _e155876
_aMAIN
041 _aEnglish
082 _a820.3 C317C
100 _aCawley, A C
245 0 _aConcise encyclopaedia of English literature
260 _aNew Delhi
_bAward Publishing House
_c1981
300 _a132 p.
942 _cBK
999 _c223983
_d223983